000 00397nam a2200169Ia 4500
008 230524s9999 xx 000 0 und d
020 _a9788184882353
082 _a330
_bMIT
100 _aD M Mithani
245 0 _aPrinciples of Economics
250 _a10TH
260 _aMUMBAI
_bHimalaya
_c2009
300 _aXI;530
500 _aQuantity Number: 100
650 _aEconomics
942 _cBK
999 _c44073
_d44073